La carta en clave / (Registro nro. 9679)
[ vista simple ]
| 000 -LIDER | |
|---|---|
| fixed length control field | 00860nam a22002777a 4500 |
| 001 - NÚMERO DE CONTROL | |
| Identificador de número de control | 00321 |
| 003 - IDENTIFICACDOR DE NÚMERO DE CONTROL | |
| control field | DO-SdBNP |
| 005 - DATE AND TIME OF LATEST TRANSACTION | |
| control field | 20180220132250.0 |
| 007 - CAMPOS FIJOS DE DESCRIPCIÓN FÍSICA | |
| fixed length control field | 00321 |
| 008 - ELEMENTOS DE LONGITUD FIJA | |
| fixed length control field | 160411b 1993 sp ||||| |||| 00| 0 spa d |
| 020 ## - ISBN | |
| International Standard Book Number | 8434830973 |
| 040 ## - FUENTE DE CATALOGACIÓN | |
| Agencia que crea de manera original el registro | BPMSU |
| Idioma de catalogación | spa |
| Agencia que realiza la transcripción | BPSMU |
| 100 ## - ASIENTO PRINCIPAL -- NOMBRE PERSONAL | |
| Nombre personal | Terlouw, Jan, |
| Numeración | 1931- |
| 245 ## - MENCIÓN DE TITULO | |
| Título | La carta en clave / |
| Mención de responsabilidad | Jan Terlouw ; traducción Guillermo Solana ; ilustraciones Enrique Flores. |
| 250 ## - MENCIÓN DE EDICION | |
| Materiales especificados | 5a. ed |
| 260 ## - PUBLICACIÓN, DISTRIBUCIÓN, ETC. (PIE DE IMPRENTA) | |
| Lugar de publicación, distribución, etc | Madrid : |
| Nombre del editor, distribuidor, etc. | Ediciones SM, |
| Fecha de publicación, distribución, etc | 1993 |
| 300 ## - DESCRIPCIÓN FÍSICA | |
| Extensión | 141 p. : |
| Otros detalles físicos | il. ; |
| Dimensiones | 19 cm. |
| 490 ## - MENCIÓN DE SERIES | |
| Mención de serie | El barco de vapor. |
| -- | Serie roja ; |
| Volume/sequential designation | 60 |
| 500 ## - NOTA GENERAL | |
| Nota general | A partir de 7 años |
| 700 ## - ASIENTO SECUNDARIO -- NOMBRE PERSONAL | |
| Nombre personal | Solana, Guillermo, |
| Mención de responsabilidad | tr. |
| 700 ## - ASIENTO SECUNDARIO -- NOMBRE PERSONAL | |
| Nombre personal | Flores, Enrique, |
| Mención de responsabilidad | il. |
| 830 ## - ASIENTO SECUNDARIO DE SERIE--TÍTULO UNIFORME | |
| Título uniforme | El barco de vapor. |
| Nombre de la parte o sección de una obra | Serie roja ; |
| Volume number/sequential designation | 60 |
| 942 ## - ADDED ENTRY ELEMENTS (KOHA) | |
| Source of classification or shelving scheme | Dewey Decimal Classification |
| Koha item type | Libros |
| 945 ## - INFORMACIÓN DE PROCESAMIENTO LOCAL | |
| Información de procesamiento local | Inventariado, 2018 / BT |
| 956 ## - LOCAL ELECTRONIC LOCATION AND ACCESS (OCLC) | |
| Método de acceso | VMATEO |
| Materiales especificados | 10 |
| Enlace | 20160411 |
| Campo enlazado y núm. de secuencia | BPMSU |
| Nombre de host | 0069 |
| Withdrawn status | Lost status | Source of classification or shelving scheme | Damaged status | Not for loan | Collection code | Home library | Current library | Date acquired | Source of acquisition | Total Checkouts | Barcode | Date last seen | Price effective from | Koha item type |
|---|---|---|---|---|---|---|---|---|---|---|---|---|---|---|
| Dewey Decimal Classification | Colección Infantil General | Biblioteca Pública Metropolitana Salomé Ureña | Biblioteca Pública Metropolitana Salomé Ureña | 04/11/2016 | Agencia de Cooperación Internacional del Japón | BPMSU16040292 | 04/11/2016 | 04/11/2016 | Libros |